[Event "45th FIDE Chess Olympiad Open"]
[Site "Budapest, Hungary"]
[Date "2024.09.19"]
[Round "8"]
[White "Flores, Diego"]
[Black "Korobov, Anton"]
[Result "1/2-1/2"]
[Board "47"]
[WhiteFideId "108049"]
[BlackFideId "14105730"]
[WhiteTitle "GM"]
[BlackTitle "GM"]
[WhiteElo "2546"]
[BlackElo "2650"]
[WhiteTeam "Argentina"]
[BlackTeam "Ukraine"]
[WhiteClock "0:05:41"]
[BlackClock "0:13:42"]
[Variant "Standard"]

1. Nf3 {[%clk 1:30:47]}  d5 {[%clk 1:30:41]} 2. c4 {[%clk 1:30:54]}  d4 {[%clk 1:28:31]} 3. e3 {[%clk 1:29:34]}  Nc6 {[%clk 1:28:13]} 4. exd4 {[%clk 1:29:42]}  Nxd4 {[%clk 1:28:28]} 5. Be2 {[%clk 1:30:03]}  Nh6 {[%clk 1:22:19]} 6. Nxd4 {[%clk 1:28:56]}  Qxd4 {[%clk 1:20:38]} 7. d3 {[%clk 1:29:02]}  Nf5 {[%clk 1:18:54]} 8. O-O {[%clk 1:28:34]}  Qd8 {[%clk 1:16:23]} 9. Bd2 {[%clk 1:17:37]}  g6 {[%clk 1:12:32]} 10. Bc3 {[%clk 1:13:11]}  Nd4 {[%clk 1:12:31]} 11. Nd2 {[%clk 1:10:59]}  Bg7 {[%clk 1:11:22]} 12. Nb3 {[%clk 1:05:48]}  O-O {[%clk 1:09:56]} 13. Nxd4 {[%clk 1:03:51]}  Bxd4 {[%clk 1:09:55]} 14. Bf3 {[%clk 1:03:51]}  c6 {[%clk 1:06:08]} 15. Re1 {[%clk 1:03:12]}  e5 {[%clk 0:59:41]} 16. Qb3 {[%clk 0:55:19]}  Re8 {[%clk 0:51:04]} 17. Bxd4 {[%clk 0:51:49]}  Qxd4 {[%clk 0:50:14]} 18. Re3 {[%clk 0:39:18]}  f6 {[%clk 0:44:05]} 19. Rae1 {[%clk 0:39:23]}  Re7 {[%clk 0:33:19]} 20. Qa3 {[%clk 0:33:11]}  Rf7 {[%clk 0:30:34]} 21. Qc3 {[%clk 0:23:56]}  Qxc3 {[%clk 0:25:19]} 22. bxc3 {[%clk 0:24:16]}  Be6 {[%clk 0:25:46]} 23. Be2 {[%clk 0:24:16]}  Re7 {[%clk 0:21:30]} 24. Bd1 {[%clk 0:18:39]}  Rd8 {[%clk 0:16:54]} 25. f4 {[%clk 0:18:31]}  Red7 {[%clk 0:16:58]} 26. Be2 {[%clk 0:12:28]}  Bf5 {[%clk 0:17:22]} 27. fxe5 {[%clk 0:12:39]}  fxe5 {[%clk 0:17:50]} 28. Rd1 {[%clk 0:12:30]}  h5 {[%clk 0:17:27]} 29. h3 {[%clk 0:10:25]}  h4 {[%clk 0:14:14]} 30. Rxe5 {[%clk 0:08:17]}  Bxd3 {[%clk 0:14:39]} 31. Bg4 {[%clk 0:04:42]}  Bf5 {[%clk 0:13:37]} 32. Rxd7 {[%clk 0:05:04]}  Bxd7 {[%clk 0:14:02]} 33. Re7 {[%clk 0:05:22]}  Bxg4 {[%clk 0:13:54]} 34. hxg4 {[%clk 0:05:48]}  Rd3 {[%clk 0:13:42]} 35. Rxb7 {[%clk 0:05:41]} 1/2-1/2

[Event "45th FIDE Chess Olympiad Open"]
[Site "Budapest, Hungary"]
[Date "2024.09.19"]
[Round "8"]
[White "Zilka, Stepan"]
[Black "Lashkin, Jegor"]
[Result "0-1"]
[Board "51"]
[WhiteFideId "315303"]
[BlackFideId "13907808"]
[WhiteTitle "GM"]
[BlackTitle "FM"]
[WhiteElo "2574"]
[BlackElo "2472"]
[WhiteTeam "Czech Republic"]
[BlackTeam "Moldova"]
[WhiteClock "0:40:39"]
[BlackClock "0:27:58"]
[Variant "Standard"]

1. e4 {[%clk 1:30:56]}  c5 {[%clk 1:30:47]} 2. Nf3 {[%clk 1:31:21]}  d6 {[%clk 1:31:12]} 3. d4 {[%clk 1:31:47]}  cxd4 {[%clk 1:31:36]} 4. Nxd4 {[%clk 1:32:11]}  Nf6 {[%clk 1:32:02]} 5. Nc3 {[%clk 1:32:35]}  a6 {[%clk 1:32:29]} 6. Be3 {[%clk 1:32:55]}  e5 {[%clk 1:32:51]} 7. Nb3 {[%clk 1:33:20]}  Be6 {[%clk 1:33:13]} 8. f3 {[%clk 1:33:35]}  h5 {[%clk 1:33:37]} 9. Qd2 {[%clk 1:32:53]}  Nbd7 {[%clk 1:33:50]} 10. Nd5 {[%clk 1:32:28]}  Bxd5 {[%clk 1:34:07]} 11. exd5 {[%clk 1:32:51]}  g6 {[%clk 1:34:32]} 12. Be2 {[%clk 1:32:19]}  Bg7 {[%clk 1:34:33]} 13. O-O {[%clk 1:31:40]}  b6 {[%clk 1:34:50]} 14. c4 {[%clk 1:31:10]}  O-O {[%clk 1:35:07]} 15. Kh1 {[%clk 1:30:49]}  a5 {[%clk 1:31:03]} 16. Rae1 {[%clk 1:28:23]}  Re8 {[%clk 1:28:57]} 17. Na1 {[%clk 1:27:54]}  Nc5 {[%clk 1:27:16]} 18. Nc2 {[%clk 1:26:43]}  h4 {[%clk 1:12:30]} 19. Bg5 {[%clk 1:21:15]}  h3 {[%clk 1:12:53]} 20. g4 {[%clk 1:21:40]}  Qd7 {[%clk 1:08:24]} 21. Bd1 {[%clk 1:07:49]}  e4 {[%clk 1:01:19]} 22. Nd4 {[%clk 0:56:32]}  exf3 {[%clk 0:59:31]} 23. Bxf6 {[%clk 0:56:54]}  Bxf6 {[%clk 0:58:18]} 24. Bxf3 {[%clk 0:57:16]}  Rxe1 {[%clk 0:54:48]} 25. Rxe1 {[%clk 0:57:38]}  Re8 {[%clk 0:52:26]} 26. Rf1 {[%clk 0:51:35]}  Bxd4 {[%clk 0:43:36]} 27. Qxd4 {[%clk 0:51:59]}  Qe7 {[%clk 0:41:48]} 28. Kg1 {[%clk 0:52:16]}  Qg5 {[%clk 0:41:27]} 29. Rf2 {[%clk 0:46:58]}  Ne4 {[%clk 0:27:58]} 30. Rc2 {[%clk 0:40:39]} 0-1

[Event "45th FIDE Chess Olympiad Open"]
[Site "Budapest, Hungary"]
[Date "2024.09.19"]
[Round "8"]
[White "Bologan, Victor"]
[Black "Vykouk, Jan"]
[Result "1-0"]
[Board "52"]
[WhiteFideId "13900048"]
[BlackFideId "349658"]
[WhiteTitle "GM"]
[BlackTitle "IM"]
[WhiteElo "2598"]
[BlackElo "2483"]
[WhiteTeam "Moldova"]
[BlackTeam "Czech Republic"]
[WhiteClock "0:29:52"]
[BlackClock "0:26:24"]
[Variant "Standard"]

1. e4 {[%clk 1:30:58]}  c5 {[%clk 1:30:54]} 2. Nf3 {[%clk 1:31:22]}  d6 {[%clk 1:31:17]} 3. d4 {[%clk 1:31:48]}  cxd4 {[%clk 1:31:36]} 4. Nxd4 {[%clk 1:32:12]}  Nf6 {[%clk 1:32:00]} 5. Nc3 {[%clk 1:32:39]}  Nc6 {[%clk 1:32:21]} 6. f3 {[%clk 1:29:47]}  g6 {[%clk 1:27:56]} 7. Be3 {[%clk 1:29:59]}  h5 {[%clk 1:28:12]} 8. Bc4 {[%clk 1:18:30]}  Bd7 {[%clk 1:28:34]} 9. Qd2 {[%clk 1:17:41]}  Nxd4 {[%clk 1:28:57]} 10. Bxd4 {[%clk 1:17:54]}  Bh6 {[%clk 1:29:19]} 11. Qf2 {[%clk 1:15:03]}  O-O {[%clk 1:29:33]} 12. O-O {[%clk 1:14:41]}  Qa5 {[%clk 1:14:57]} 13. Rad1 {[%clk 1:09:48]}  Be6 {[%clk 1:05:39]} 14. Bb3 {[%clk 1:09:13]}  Bg7 {[%clk 1:04:27]} 15. h3 {[%clk 0:59:53]}  b5 {[%clk 0:51:57]} 16. Rfe1 {[%clk 0:38:58]}  Nd7 {[%clk 0:44:52]} 17. f4 {[%clk 0:36:37]}  b4 {[%clk 0:41:24]} 18. Bxg7 {[%clk 0:33:37]}  Kxg7 {[%clk 0:41:47]} 19. Nd5 {[%clk 0:34:02]}  Bxd5 {[%clk 0:41:46]} 20. Rxd5 {[%clk 0:34:16]}  Qb6 {[%clk 0:41:45]} 21. e5 {[%clk 0:30:27]}  Qxf2+ {[%clk 0:15:57]} 22. Kxf2 {[%clk 0:30:51]}  a5 {[%clk 0:16:23]} 23. exd6 {[%clk 0:30:39]}  e6 {[%clk 0:16:50]} 24. Rd4 {[%clk 0:27:11]}  Rfc8 {[%clk 0:15:55]} 25. a4 {[%clk 0:22:34]}  Nc5 {[%clk 0:15:07]} 26. Rc4 {[%clk 0:14:52]}  Nd7 {[%clk 0:09:16]} 27. Rd1 {[%clk 0:11:04]}  Kf8 {[%clk 0:09:25]} 28. g4 {[%clk 0:10:39]}  hxg4 {[%clk 0:09:51]} 29. hxg4 {[%clk 0:11:04]}  Nb6 {[%clk 0:08:23]} 30. Rxc8+ {[%clk 0:06:08]}  Rxc8 {[%clk 0:08:46]} 31. d7 {[%clk 0:06:33]}  Rd8 {[%clk 0:09:07]} 32. Rd6 {[%clk 0:06:15]}  Nxd7 {[%clk 0:09:28]} 33. Ke3 {[%clk 0:06:36]}  Ke7 {[%clk 0:06:55]} 34. Ra6 {[%clk 0:07:01]}  Nf6 {[%clk 0:06:19]} 35. g5 {[%clk 0:06:58]}  Ng4+ {[%clk 0:05:18]} 36. Kf3 {[%clk 0:06:58]}  Nh2+ {[%clk 0:05:13]} 37. Ke2 {[%clk 0:07:06]}  Rd4 {[%clk 0:03:14]} 38. Ke3 {[%clk 0:07:24]}  Rd1 {[%clk 0:03:39]} 39. Rxa5 {[%clk 0:07:44]}  Re1+ {[%clk 0:03:00]} 40. Kf2 {[%clk 0:06:41]}  Rd1 {[%clk 0:01:56]} 41. Ra7+ {[%clk 0:06:33]}  Ke8 {[%clk 0:01:10]} 42. Ke2 {[%clk 0:04:50]}  Ra1 {[%clk 0:26:32]} 43. a5 {[%clk 0:33:35]}  Nf1 {[%clk 0:26:38]} 44. a6 {[%clk 0:33:32]}  Ng3+ {[%clk 0:27:03]} 45. Kd3 {[%clk 0:33:58]}  Nh5 {[%clk 0:26:59]} 46. Ke3 {[%clk 0:32:52]}  Re1+ {[%clk 0:26:26]} 47. Kd4 {[%clk 0:32:41]}  Ra1 {[%clk 0:26:24]} 48. Bc4 {[%clk 0:29:52]} 1-0

[Event "45th FIDE Chess Olympiad Open"]
[Site "Budapest, Hungary"]
[Date "2024.09.19"]
[Round "8"]
[White "Albornoz Cabrera, Carlos Daniel"]
[Black "Rodshtein, Maxim"]
[Result "1/2-1/2"]
[Board "53"]
[WhiteFideId "3518736"]
[BlackFideId "2806851"]
[WhiteTitle "GM"]
[BlackTitle "GM"]
[WhiteElo "2579"]
[BlackElo "2600"]
[WhiteTeam "Cuba"]
[BlackTeam "Israel"]
[WhiteClock "1:08:02"]
[BlackClock "0:59:07"]
[Variant "Standard"]

1. e4 {[%clk 1:30:58]}  c5 {[%clk 1:30:45]} 2. Nf3 {[%clk 1:31:24]}  d6 {[%clk 1:31:01]} 3. d4 {[%clk 1:31:50]}  cxd4 {[%clk 1:31:26]} 4. Nxd4 {[%clk 1:32:17]}  Nf6 {[%clk 1:31:50]} 5. Nc3 {[%clk 1:32:44]}  a6 {[%clk 1:31:59]} 6. Bg5 {[%clk 1:33:10]}  Nbd7 {[%clk 1:31:54]} 7. Bc4 {[%clk 1:33:27]}  Qb6 {[%clk 1:31:40]} 8. Bb3 {[%clk 1:33:36]}  e6 {[%clk 1:31:44]} 9. Qd2 {[%clk 1:33:33]}  Be7 {[%clk 1:31:51]} 10. O-O-O {[%clk 1:33:35]}  Nc5 {[%clk 1:31:41]} 11. f3 {[%clk 1:34:00]}  Qc7 {[%clk 1:31:43]} 12. g4 {[%clk 1:34:13]}  b5 {[%clk 1:31:54]} 13. a3 {[%clk 1:34:24]}  Rb8 {[%clk 1:31:34]} 14. Kb1 {[%clk 1:34:20]}  O-O {[%clk 1:30:48]} 15. h4 {[%clk 1:31:37]}  b4 {[%clk 1:22:28]} 16. axb4 {[%clk 1:31:26]}  Rxb4 {[%clk 1:22:55]} 17. Bxf6 {[%clk 1:29:56]}  Bxf6 {[%clk 1:23:09]} 18. Nd5 {[%clk 1:30:09]}  exd5 {[%clk 1:23:32]} 19. Qxb4 {[%clk 1:30:34]}  dxe4 {[%clk 1:23:46]} 20. g5 {[%clk 1:29:27]}  Be5 {[%clk 1:23:39]} 21. fxe4 {[%clk 1:29:49]}  Bg4 {[%clk 1:23:09]} 22. Bd5 {[%clk 1:29:02]}  Bxd1 {[%clk 1:22:20]} 23. Rxd1 {[%clk 1:29:27]}  Rb8 {[%clk 1:19:55]} 24. Qa3 {[%clk 1:27:47]}  Qd7 {[%clk 1:16:30]} 25. Ka2 {[%clk 1:21:01]}  Ne6 {[%clk 1:07:39]} 26. Bxe6 {[%clk 1:21:26]}  fxe6 {[%clk 1:08:04]} 27. Qxa6 {[%clk 1:21:53]}  Qe8 {[%clk 1:06:07]} 28. Qc4 {[%clk 1:08:24]}  Rc8 {[%clk 0:59:05]} 29. Qb3 {[%clk 1:07:32]}  Rb8 {[%clk 0:58:46]} 30. Qc4 {[%clk 1:07:40]}  Rc8 {[%clk 0:59:07]} 31. Qb3 {[%clk 1:08:02]} 1/2-1/2

[Event "45th FIDE Chess Olympiad Open"]
[Site "Budapest, Hungary"]
[Date "2024.09.19"]
[Round "8"]
[White "Gorshtein, Ido"]
[Black "Quesada Perez, Luis Ernesto"]
[Result "0-1"]
[Board "54"]
[WhiteFideId "2815532"]
[BlackFideId "3520773"]
[WhiteTitle "GM"]
[BlackTitle "GM"]
[WhiteElo "2543"]
[BlackElo "2578"]
[WhiteTeam "Israel"]
[BlackTeam "Cuba"]
[WhiteClock "0:00:49"]
[BlackClock "0:13:41"]
[Variant "Standard"]

1. c4 {[%clk 1:30:56]}  c6 {[%clk 1:30:43]} 2. Nf3 {[%clk 1:31:14]}  d5 {[%clk 1:31:07]} 3. e3 {[%clk 1:31:36]}  Nf6 {[%clk 1:31:31]} 4. Nc3 {[%clk 1:32:00]}  e6 {[%clk 1:31:48]} 5. b3 {[%clk 1:32:09]}  Bd6 {[%clk 1:32:12]} 6. Bb2 {[%clk 1:32:21]}  O-O {[%clk 1:32:30]} 7. Qc2 {[%clk 1:31:52]}  b6 {[%clk 1:32:41]} 8. Be2 {[%clk 1:23:51]}  Bb7 {[%clk 1:32:59]} 9. Rg1 {[%clk 1:16:20]}  Na6 {[%clk 1:32:38]} 10. g4 {[%clk 1:12:13]}  e5 {[%clk 1:32:48]} 11. g5 {[%clk 1:11:25]}  Nd7 {[%clk 1:33:13]} 12. a3 {[%clk 1:04:26]}  Nc7 {[%clk 1:33:32]} 13. d4 {[%clk 0:49:14]}  e4 {[%clk 1:27:22]} 14. Nd2 {[%clk 0:49:37]}  a5 {[%clk 1:17:08]} 15. f3 {[%clk 0:40:31]}  exf3 {[%clk 1:16:04]} 16. Nxf3 {[%clk 0:38:51]}  c5 {[%clk 1:08:48]} 17. O-O-O {[%clk 0:32:24]}  Re8 {[%clk 0:55:08]} 18. Kb1 {[%clk 0:27:51]}  a4 {[%clk 0:52:02]} 19. bxa4 {[%clk 0:23:04]}  Rxe3 {[%clk 0:49:52]} 20. Bc1 {[%clk 0:22:31]}  Re7 {[%clk 0:43:56]} 21. h4 {[%clk 0:21:23]}  Qe8 {[%clk 0:40:06]} 22. Bd3 {[%clk 0:16:00]}  g6 {[%clk 0:28:31]} 23. h5 {[%clk 0:09:05]}  cxd4 {[%clk 0:28:11]} 24. Nxd4 {[%clk 0:08:29]}  Be5 {[%clk 0:28:34]} 25. Bf1 {[%clk 0:07:43]}  Nc5 {[%clk 0:27:42]} 26. Bb2 {[%clk 0:06:00]}  Nxa4 {[%clk 0:24:11]} 27. hxg6 {[%clk 0:05:27]}  hxg6 {[%clk 0:23:24]} 28. Bg2 {[%clk 0:04:39]}  Nxb2 {[%clk 0:23:12]} 29. Qxb2 {[%clk 0:04:53]}  Rd8 {[%clk 0:16:08]} 30. Rh1 {[%clk 0:02:31]}  dxc4 {[%clk 0:15:22]} 31. Bxb7 {[%clk 0:02:56]}  Rxd4 {[%clk 0:15:39]} 32. Rde1 {[%clk 0:02:24]}  Bg7 {[%clk 0:15:26]} 33. Ref1 {[%clk 0:00:49]}  Rd3 {[%clk 0:13:41]} 0-1

[Event "45th FIDE Chess Olympiad Open"]
[Site "Budapest, Hungary"]
[Date "2024.09.19"]
[Round "8"]
[White "Miranda Mesa, Elier"]
[Black "Nabaty, Tamir"]
[Result "1-0"]
[Board "55"]
[WhiteFideId "3510697"]
[BlackFideId "2809052"]
[WhiteTitle "GM"]
[BlackTitle "GM"]
[WhiteElo "2512"]
[BlackElo "2630"]
[WhiteTeam "Cuba"]
[BlackTeam "Israel"]
[WhiteClock "0:01:32"]
[BlackClock "0:00:48"]
[Variant "Standard"]

1. e4 {[%clk 1:30:57]}  e5 {[%clk 1:30:51]} 2. Nf3 {[%clk 1:31:21]}  Nc6 {[%clk 1:31:14]} 3. Bb5 {[%clk 1:31:46]}  Nf6 {[%clk 1:31:33]} 4. O-O {[%clk 1:30:27]}  Nxe4 {[%clk 1:31:47]} 5. Re1 {[%clk 1:30:17]}  Nd6 {[%clk 1:31:59]} 6. Nxe5 {[%clk 1:29:36]}  Be7 {[%clk 1:32:10]} 7. Bf1 {[%clk 1:29:32]}  Nxe5 {[%clk 1:32:29]} 8. Rxe5 {[%clk 1:29:59]}  O-O {[%clk 1:32:38]} 9. d4 {[%clk 1:30:07]}  Ne8 {[%clk 1:32:27]} 10. Re1 {[%clk 1:23:30]}  d5 {[%clk 1:31:38]} 11. c3 {[%clk 1:17:13]}  g6 {[%clk 1:29:48]} 12. Nd2 {[%clk 1:12:31]}  Ng7 {[%clk 1:29:14]} 13. Nf3 {[%clk 1:10:13]}  c6 {[%clk 1:27:59]} 14. Ne5 {[%clk 1:04:38]}  Bd6 {[%clk 1:25:56]} 15. h3 {[%clk 0:51:58]}  f6 {[%clk 1:20:19]} 16. Nd3 {[%clk 0:51:48]}  Qc7 {[%clk 1:19:27]} 17. Bh6 {[%clk 0:48:51]}  Bf5 {[%clk 1:15:42]} 18. Qd2 {[%clk 0:45:36]}  Rae8 {[%clk 1:06:33]} 19. Bf4 {[%clk 0:42:42]}  g5 {[%clk 1:03:25]} 20. Bxd6 {[%clk 0:42:10]}  Qxd6 {[%clk 1:03:52]} 21. Rxe8 {[%clk 0:41:13]}  Rxe8 {[%clk 1:04:14]} 22. Re1 {[%clk 0:41:37]}  Kf7 {[%clk 0:59:30]} 23. Rxe8 {[%clk 0:40:40]}  Kxe8 {[%clk 0:57:37]} 24. Qe3+ {[%clk 0:33:02]}  Kf7 {[%clk 0:53:00]} 25. Be2 {[%clk 0:30:55]}  Bg6 {[%clk 0:39:37]} 26. Qd2 {[%clk 0:24:25]}  Qe7 {[%clk 0:36:28]} 27. Ne1 {[%clk 0:19:54]}  Nf5 {[%clk 0:33:08]} 28. Bd3 {[%clk 0:18:52]}  Nd6 {[%clk 0:33:15]} 29. Kf1 {[%clk 0:16:52]}  b6 {[%clk 0:31:08]} 30. Bxg6+ {[%clk 0:15:37]}  hxg6 {[%clk 0:30:18]} 31. Nd3 {[%clk 0:15:34]}  a5 {[%clk 0:25:52]} 32. Qe2 {[%clk 0:14:34]}  Ne4 {[%clk 0:21:17]} 33. Qg4 {[%clk 0:09:58]}  c5 {[%clk 0:17:12]} 34. Kg1 {[%clk 0:04:18]}  c4 {[%clk 0:11:34]} 35. Nc1 {[%clk 0:03:55]}  b5 {[%clk 0:10:34]} 36. Qe2 {[%clk 0:02:03]}  b4 {[%clk 0:10:08]} 37. f3 {[%clk 0:01:40]}  Nd6 {[%clk 0:08:49]} 38. Qxe7+ {[%clk 0:00:57]}  Kxe7 {[%clk 0:09:17]} 39. Kf2 {[%clk 0:00:47]}  Nb5 {[%clk 0:08:10]} 40. cxb4 {[%clk 0:00:54]}  axb4 {[%clk 0:08:08]} 41. Ke3 {[%clk 0:00:42]}  Kd6 {[%clk 0:24:06]} 42. Ne2 {[%clk 0:26:46]}  Kc6 {[%clk 0:24:22]} 43. g4 {[%clk 0:21:26]}  Nc7 {[%clk 0:22:59]} 44. f4 {[%clk 0:14:26]}  Ne6 {[%clk 0:21:18]} 45. fxg5 {[%clk 0:14:06]}  fxg5 {[%clk 0:20:30]} 46. Ng1 {[%clk 0:12:33]}  Nf4 {[%clk 0:15:38]} 47. h4 {[%clk 0:11:28]}  Ng2+ {[%clk 0:13:24]} 48. Kf2 {[%clk 0:11:41]}  Nf4 {[%clk 0:10:35]} 49. Ke3 {[%clk 0:11:19]}  Kb5 {[%clk 0:06:38]} 50. b3 {[%clk 0:06:24]}  Ne6 {[%clk 0:05:55]} 51. h5 {[%clk 0:06:09]}  gxh5 {[%clk 0:05:58]} 52. gxh5 {[%clk 0:06:36]}  Ng7 {[%clk 0:06:20]} 53. Nh3 {[%clk 0:02:30]}  g4 {[%clk 0:00:35]} 54. Nf4 {[%clk 0:02:30]}  c3 {[%clk 0:00:33]} 55. Kd3 {[%clk 0:01:49]}  g3 {[%clk 0:00:35]} 56. h6 {[%clk 0:01:22]}  Ne6 {[%clk 0:01:04]} 57. Ng2 {[%clk 0:00:32]}  Ng5 {[%clk 0:01:26]} 58. Nf4 {[%clk 0:00:39]}  Kc6 {[%clk 0:01:00]} 59. Ng2 {[%clk 0:00:53]}  Nh7 {[%clk 0:00:50]} 60. Ne3 {[%clk 0:01:00]}  Ng5 {[%clk 0:00:40]} 61. Ke2 {[%clk 0:01:09]}  Kd7 {[%clk 0:00:38]} 62. Kf1 {[%clk 0:01:14]}  Ke6 {[%clk 0:00:32]} 63. Kg2 {[%clk 0:01:33]}  Kf7 {[%clk 0:00:43]} 64. Kxg3 {[%clk 0:01:30]}  Ne6 {[%clk 0:00:48]} 65. Nc2 {[%clk 0:01:32]} 1-0

[Event "45th FIDE Chess Olympiad Open"]
[Site "Budapest, Hungary"]
[Date "2024.09.19"]
[Round "8"]
[White "Kadric, Denis"]
[Black "Yilmaz, Mustafa"]
[Result "1-0"]
[Board "57"]
[WhiteFideId "14403803"]
[BlackFideId "6302718"]
[WhiteTitle "GM"]
[BlackTitle "GM"]
[WhiteElo "2553"]
[BlackElo "2587"]
[WhiteTeam "Montenegro"]
[BlackTeam "Turkiye"]
[WhiteClock "0:18:14"]
[BlackClock "0:00:34"]
[Variant "Standard"]

1. e4 {[%clk 1:30:58]}  e5 {[%clk 1:30:56]} 2. Nf3 {[%clk 1:31:21]}  Nc6 {[%clk 1:31:20]} 3. Bc4 {[%clk 1:31:26]}  Bc5 {[%clk 1:31:45]} 4. c3 {[%clk 1:31:10]}  Nf6 {[%clk 1:32:09]} 5. d3 {[%clk 1:31:39]}  d6 {[%clk 1:32:18]} 6. Bg5 {[%clk 1:29:14]}  h6 {[%clk 1:32:11]} 7. Bh4 {[%clk 1:29:41]}  a5 {[%clk 1:32:35]} 8. Nbd2 {[%clk 1:29:45]}  Ba7 {[%clk 1:31:05]} 9. a3 {[%clk 1:29:46]}  g5 {[%clk 1:03:56]} 10. Bg3 {[%clk 1:30:04]}  Qe7 {[%clk 0:58:12]} 11. O-O {[%clk 1:29:04]}  Bd7 {[%clk 0:53:04]} 12. b4 {[%clk 1:28:38]}  O-O-O {[%clk 0:48:47]} 13. b5 {[%clk 1:06:07]}  Nb8 {[%clk 0:48:53]} 14. d4 {[%clk 1:04:00]}  Nh5 {[%clk 0:46:49]} 15. Bxe5 {[%clk 0:58:19]}  dxe5 {[%clk 0:29:48]} 16. Nxe5 {[%clk 0:58:42]}  Nf4 {[%clk 0:29:36]} 17. Nxf7 {[%clk 0:57:58]}  Bxb5 {[%clk 0:25:57]} 18. Nxh8 {[%clk 0:58:21]}  Bxc4 {[%clk 0:26:02]} 19. Nxc4 {[%clk 0:58:47]}  Qxe4 {[%clk 0:25:07]} 20. Qg4+ {[%clk 0:39:55]}  Nd7 {[%clk 0:25:36]} 21. Rae1 {[%clk 0:36:47]}  Qd5 {[%clk 0:15:48]} 22. Ne3 {[%clk 0:37:12]}  Qg8 {[%clk 0:14:58]} 23. g3 {[%clk 0:36:23]}  h5 {[%clk 0:14:47]} 24. Qf5 {[%clk 0:31:57]}  Rf8 {[%clk 0:11:21]} 25. Qxa5 {[%clk 0:32:21]}  Bb6 {[%clk 0:11:37]} 26. Qa8+ {[%clk 0:28:07]}  Nb8 {[%clk 0:12:04]} 27. Qa4 {[%clk 0:26:01]}  Nh3+ {[%clk 0:07:06]} 28. Kg2 {[%clk 0:26:24]}  Nf4+ {[%clk 0:06:22]} 29. Kh1 {[%clk 0:25:05]}  Nh3 {[%clk 0:03:01]} 30. Nf5 {[%clk 0:21:37]}  Qxh8 {[%clk 0:00:51]} 31. Ne7+ {[%clk 0:18:38]}  Kd8 {[%clk 0:01:21]} 32. Qa8 {[%clk 0:18:56]}  Kd7 {[%clk 0:01:42]} 33. Qxb7 {[%clk 0:19:22]}  Qf6 {[%clk 0:01:14]} 34. Kg2 {[%clk 0:17:48]}  g4 {[%clk 0:00:34]} 35. Qd5+ {[%clk 0:18:14]} 1-0

[Event "45th FIDE Chess Olympiad Open"]
[Site "Budapest, Hungary"]
[Date "2024.09.19"]
[Round "8"]
[White "Gurel, Ediz"]
[Black "Petrov, Nikita"]
[Result "1-0"]
[Board "58"]
[WhiteFideId "44507356"]
[BlackFideId "4101286"]
[WhiteTitle "GM"]
[BlackTitle "GM"]
[WhiteElo "2602"]
[BlackElo "2574"]
[WhiteTeam "Turkiye"]
[BlackTeam "Montenegro"]
[WhiteClock "0:16:33"]
[BlackClock "0:16:55"]
[Variant "Standard"]

1. d4 {[%clk 1:30:54]}  Nf6 {[%clk 1:30:49]} 2. c4 {[%clk 1:31:12]}  e6 {[%clk 1:31:11]} 3. Nc3 {[%clk 1:31:36]}  Bb4 {[%clk 1:30:57]} 4. Qc2 {[%clk 1:31:09]}  O-O {[%clk 1:30:22]} 5. a3 {[%clk 1:30:58]}  Bxc3+ {[%clk 1:30:45]} 6. Qxc3 {[%clk 1:31:24]}  Re8 {[%clk 1:30:46]} 7. Nf3 {[%clk 1:28:03]}  d6 {[%clk 1:30:55]} 8. Bg5 {[%clk 1:24:56]}  h6 {[%clk 1:30:32]} 9. Bh4 {[%clk 1:21:05]}  Qe7 {[%clk 1:30:18]} 10. e3 {[%clk 1:19:40]}  e5 {[%clk 1:28:37]} 11. dxe5 {[%clk 1:14:39]}  dxe5 {[%clk 1:29:01]} 12. Be2 {[%clk 1:14:29]}  Bf5 {[%clk 1:24:01]} 13. Nd2 {[%clk 1:03:12]}  Ne4 {[%clk 1:19:08]} 14. Nxe4 {[%clk 1:03:25]}  Qxh4 {[%clk 1:19:32]} 15. Ng3 {[%clk 1:03:47]}  Bg4 {[%clk 1:17:21]} 16. Bxg4 {[%clk 0:57:52]}  Qxg4 {[%clk 1:17:20]} 17. O-O {[%clk 0:58:16]}  Nd7 {[%clk 1:12:58]} 18. Rad1 {[%clk 0:53:40]}  Nf6 {[%clk 1:11:12]} 19. Rd2 {[%clk 0:48:05]}  h5 {[%clk 1:07:39]} 20. Qc2 {[%clk 0:47:06]}  Rad8 {[%clk 1:05:02]} 21. Rfd1 {[%clk 0:46:26]}  Rxd2 {[%clk 1:04:48]} 22. Rxd2 {[%clk 0:46:52]}  e4 {[%clk 0:46:47]} 23. h3 {[%clk 0:43:00]}  Qe6 {[%clk 0:46:57]} 24. Ne2 {[%clk 0:40:49]}  Qe5 {[%clk 0:44:49]} 25. Nc3 {[%clk 0:38:41]}  c6 {[%clk 0:44:10]} 26. Qa4 {[%clk 0:37:14]}  Qc5 {[%clk 0:39:55]} 27. Rd4 {[%clk 0:36:26]}  a5 {[%clk 0:38:42]} 28. Qb3 {[%clk 0:30:17]}  Re7 {[%clk 0:36:28]} 29. Na4 {[%clk 0:30:18]}  Qe5 {[%clk 0:36:17]} 30. Qb6 {[%clk 0:30:13]}  g5 {[%clk 0:35:15]} 31. Nc5 {[%clk 0:26:01]}  g4 {[%clk 0:28:31]} 32. Nxb7 {[%clk 0:18:42]}  gxh3 {[%clk 0:27:26]} 33. Qxa5 {[%clk 0:17:51]}  hxg2 {[%clk 0:25:14]} 34. Kxg2 {[%clk 0:15:05]}  Nd5 {[%clk 0:20:13]} 35. cxd5 {[%clk 0:15:02]}  Rxb7 {[%clk 0:20:05]} 36. Qd8+ {[%clk 0:15:07]}  Kh7 {[%clk 0:20:26]} 37. dxc6 {[%clk 0:15:03]}  Rxb2 {[%clk 0:19:28]} 38. Rd5 {[%clk 0:14:55]}  Rxf2+ {[%clk 0:14:58]} 39. Kxf2 {[%clk 0:15:21]}  Qh2+ {[%clk 0:15:26]} 40. Ke1 {[%clk 0:15:46]}  Qg1+ {[%clk 0:15:51]} 41. Kd2 {[%clk 0:16:04]}  Qf2+ {[%clk 0:16:16]} 42. Kc3 {[%clk 0:16:06]}  Qxe3+ {[%clk 0:16:36]} 43. Kb4 {[%clk 0:16:06]}  Qe1+ {[%clk 0:16:55]} 44. Ka4 {[%clk 0:16:33]} 1-0